Sports cards, collecting, trading, and playing /

Relates the history of sports cards, suggests ways to accumulate and organize a collection, and provides directions for special card games and several craft projects.

Bibliographic Details
Main Author: McLoone, Margo
Other Authors: Siegel, Alice
Format: Book
Language:English
Published: New York : Holt, Rinehart, and Winston, [1979]
Subjects:

MARC

Tag First Indicator Second Indicator Subfields
LEADER 00000cam a2200000 a 4500
001 in00000069249
005 20151008053319.0
008 780727s1979 nyua j 00110 engm
010 |a  78013790  
020 |a 0030426960 
020 |a 0030493110 (pbk.) 
035 |a (OCoLC)04136001 
035 |9 AAH7017AM 
040 |a DLC  |c DLC  |d m.c.  |d TXA  |d UtOrBLW 
049 |a [Curr Col] TXAM  |c [388510] 
050 0 0 |a GV568.5  |b  M33 
082 0 |a 769/.49796  |2 19 
100 1 |a McLoone, Margo. 
245 1 0 |a Sports cards, collecting, trading, and playing /  |c Margo McLoone & Alice Siegel ; foreword by Pete Rose. 
264 1 |a New York :  |b Holt, Rinehart, and Winston,  |c [1979] 
264 4 |c ©1979 
300 |a 78 pages :  |b illustrations ;  |c 25 cm. 
336 |a text  |b txt  |2 rdacontent 
337 |a unmediated  |b n  |2 rdamedia 
338 |a volume  |b nc  |2 rdacarrier 
500 |a Includes index. 
520 |a Relates the history of sports cards, suggests ways to accumulate and organize a collection, and provides directions for special card games and several craft projects. 
650 0 |a Sports cards  |x Collectors and collecting  |x Juvenile literature. 
650 1 |a Sports cards  |x Collectors and collecting. 
700 1 |a Siegel, Alice. 
999 |a MARS 
999 f f |s 9efe8ea7-0303-30e8-a6fd-29f24e7aac6a  |i 00922ae1-8884-3c1c-8bda-ef7eff900d7f  |t 0 
952 f f |p ric  |a Texas A&M University  |b Rellis Campus  |c Joint Library Facility  |d Remote Storage  |t 0  |e GV568.5 M33  |h Library of Congress classification  |i unmediated -- volume  |m A14805916033 
998 f f |a GV568.5 M33  |t 0  |l Remote Storage